Evangelism: (Record no. 11036)

000 -LEADER
fixed length control field 00527nam a2200181 a 4500
001 - CONTROL NUMBER
control field :::00008829$&:&@@
003 - CONTROL NUMBER IDENTIFIER
control field OkBaRHE
005 - DATE AND TIME OF LATEST TRANSACTION
control field 20000607103346.0
008 - FIXED-LENGTH DATA ELEMENTS--GENERAL INFORMATION
fixed length control field s1978 j 000 0 eng u
040 ## - CATALOGING SOURCE
Transcribing agency
100 1# - MAIN ENTRY--PERSONAL NAME
Personal name Wirt, Sherwood Eliot.
245 10 - TITLE STATEMENT
Title Evangelism:
Remainder of title the next ten years.
260 ## - PUBLICATION, DISTRIBUTION, ETC. (IMPRINT)
Place of publication, distribution, etc Waco, TX., :
Name of publisher, distributor, etc Word Books
Date of publication, distribution, etc 1978
300 ## - PHYSICAL DESCRIPTION
Extent 165 p.
650 ## - SUBJECT ADDED ENTRY--TOPICAL TERM
Topical term or geographic name as entry element Evangelistic Addresses
942 ## - ADDED ENTRY ELEMENTS (KOHA)
Source of classification or shelving scheme
Koha item type Books
Copies
Date last seen Koha item type Date acquired Damaged status Lost status Price effective from Withdrawn status Full call number Permanent Location Not for loan Shelving location Copy number Source of classification or shelving scheme Barcode
2010-04-14Books2010-04-14  2010-04-14 BV 3795 .W5RHEMA Bible Training College General Stacks1 8829